000 00586nam a2200205Ii 4500
001 12685
003 CO-ViMGA
008 241108s9999||||xx |||||||||||||| ||und||
040 _aCO-ViMGA
_bspa
_erda
_cCO-ViMGA
041 0 _aunk
082 0 4 _a801-Ll791
100 1 _aPedro Llerena
_956568
245 1 0 _aFlos sophorum
264 1 _a[Lugar de publicación no identificado] : Seix Barral, 1941
300 _avolumen
336 _atext
_btxt
_2rdacontent
337 _aunmediated
_bn
_2rdamedia
338 _avolume
_bnc
_2rdacarrier
940 _aidficha_siabuc: 12393. -- ficha_no_siabuc:12685
999 _c54612
_d54612